000 00354 a2200097 4500
100 1 _aBocker, P..
_eAutor
700 1 _aKlovskij, D.D..
_eRedaktor
245 0 _aPeredaca dannych :
_bTechnika svjazi v sistemach teleobrabotki dannych /
_cBocker P., Klovskij D.D..
710 2 _aRadio i Svjaz'.
_eWydawca
_4pbl
260 _aMoskva :
_bRadio i Svjaz',
_c1981.
300 _a256 s.;
_c24 cm.
999 _c3890
_d3890